Variaciones de Palabras entre España y Latinoamérica - Estadísticas

Estadísticas generales
  • Esta prueba ha sido intentada 2.603 veces
  • La puntuación promedio es 12 de 21
Estadísticas de respuestas
Latinoamérica España Palabra % Correcto
Coche Carro
96%
Plata Dinero
91%
Móvil Celular
89%
Zumo Jugo
87%
Computadora Ordenador
86%
Conducir Manejar
84%
Patata Papa
81%
Enojarse Enfadarse
79%
Licencia de conducir {Carné} de conducir
77%
Mesero Camarero
75%
Sándwich Bocadillo
73%
Cacahuete Maní
64%
Afeitarse Rasurarse
59%
Boleto/Pasaje Billete
55%
Calzón Braga
36%
Marcador Rotulador
33%
Alcancía Hucha
30%
Estantería o librería Librero
19%
Sello Estampilla
11%
Botana Tapa
11%
Apisonadora Aplanadora
9%
No se encontraron pruebas coincidentes
Distribución de puntuación
Porcentaje de gente con cada puntuación
Porcentaje por número respondido
Historial de tus puntuaciones
No has intentado esta prueba.